000 00592nam a22001457a 4500
020 _a978-0-440-86761-6
082 _a823
_bWIL/S
100 _aJACQUELINE WILSON
245 _aSECRETS
260 _aGREAT BRITAIN
_bCORGI YEARLING
_c2007
300 _a220
520 _aTREASURE AND INDIA ARE TWO LITTLE GIRLS WITH VERY DIFFERENT BACKGROUNDS. AS AN UNLIKELY BUT DEEP FRIENDSHIP DEVELOPS BETWEEN THEM, THEY KEEP DIARIES, INSPIRED BY THEIR HEROINE, ANNE FRANK. SOON THE PAGES ARE FILLED WITH THE DETAILS OF THEIR MOST SERIOUS SECRET EVER.
650 _aTREASURED DIARY
_zUNITED KINGDOM
942 _cBK
999 _c472
_d472